Saltar al contenido
Inicio
Centros participantes
Catálogo
Servicios
Contacto
登錄
English
Deutsch
Español
Français
Italiano
日本語
Nederlands
Português
Português (Brasil)
中文(简体)
中文(繁體)
Türkçe
עברית
Gaeilge
Cymraeg
Ελληνικά
Català
Euskara
Русский
Čeština
Suomi
Svenska
polski
Dansk
slovenščina
اللغة العربية
বাংলা
Galego
Tiếng Việt
Hrvatski
हिंदी
Հայերէն
Українська
Sámegiella
語言
全文檢索
題名
作者
主題
索引號
ISBN/ISSN
標簽
檢索
高級檢索
El Papel histórico del sociali...
引用
推薦此
打印
導出紀錄
導出到 RefWorks
導出到 EndNoteWeb
導出到 EndNote
加到收藏夾
Enlace Permanente
導出完成 —
Agregar primera valuación
El Papel histórico del socialismo democrático en Guatemala
Guardado en:
書目詳細資料
企業作者:
Partido Socialista Democrático (Guatemala)
格式:
Texto
出版:
La Catalina, Heredia:
CEDAL
標簽:
添加標簽
沒有標簽, 成為第一個標記此記錄!
持有資料
實物特徵
您的評論
相似書籍
職員瀏覽
MARC
LEADER
00000 a a2200000 04500
001
15499
003
040
090
|a
020500
110
|a
Partido Socialista Democrático (Guatemala)
245
|a
El Papel histórico del socialismo democrático en Guatemala
260
|a
La Catalina, Heredia:
|b
CEDAL
300
|a
8 p.
999
|c
2430
|d
2430
相似書籍
Papel histórico del socialismo democrático en Guatemala /
La crisis política y las luchas populares en Guatemala
El papel histórico del socialismo democrático en Guatemala /
出版: (1980)
Información general sobre el movimiento cooperativo costarricense
Empleo rural, estado y políticas públicas en Costa Rica /
由: Herrera Castro, Liliana